000 01049cam a2200421 a 4500
001 1010309
003 OSt
005 20140310181759.0
008 870414s1987 ilua j 000 0 eng
010 _a 87131775
020 _a089434076X
040 _aDLC
_cDLC
_dOCoLC
_dDLC
042 _alcac
050 0 0 _aQ 163
_b.Sc416 1987
082 0 0 _aREF 500
_bSc2 1987
245 0 4 _aThe Science library:
260 _aChicago :
_bJ.G. Ferguson Pub. Co.,
_cc1987.
300 _a6 v. :
_bill. (some col.) ;
_c29 cm.
650 0 _aScience
_xJuvenile literature.
650 0 _aScience
_xExperiments
_xJuvenile literature.
650 1 _aScience.
906 _a7
_bcbc
_corignew
_d2
_encip
_f19
_gy-gencatlg
942 _2lcc
_cBK
999 _c3571
_d3571